My life as an astronaut / (Record no. 10028)
[ view plain ]
| 000 -LEADER | |
|---|---|
| fixed length control field | 01145cam a2200349 a 4500 |
| 001 - CONTROL NUMBER | |
| control field | 2917344 |
| 003 - CONTROL NUMBER IDENTIFIER | |
| control field | OSt |
| 005 - DATE AND TIME OF LATEST TRANSACTION | |
| control field | 20140310182152.0 |
| 008 - FIXED-LENGTH DATA ELEMENTS--GENERAL INFORMATION | |
| fixed length control field | 880720s1988 nyuaf j 000 0aeng |
| 010 ## - LIBRARY OF CONGRESS CONTROL NUMBER | |
| LC control number | 88163487 |
| 020 ## - INTERNATIONAL STANDARD BOOK NUMBER | |
| International Standard Book Number | 0671634526 (pbk.) : |
| Terms of availability | $2.75 |
| 040 ## - CATALOGING SOURCE | |
| Original cataloging agency | DLC |
| Transcribing agency | DLC |
| Modifying agency | DLC |
| 042 ## - AUTHENTICATION CODE | |
| Authentication code | lcac |
| 043 ## - GEOGRAPHIC AREA CODE | |
| Geographic area code | n-us--- |
| 050 00 - LIBRARY OF CONGRESS CALL NUMBER | |
| Classification number | TL 789.85 |
| Item number | .B36 1988 |
| 082 00 - DEWEY DECIMAL CLASSIFICATION NUMBER | |
| Classification number | 629.45/0092/4 |
| -- | B |
| -- | HS 808.8387 |
| Item number | B37 1988 |
| 100 1# - MAIN ENTRY--PERSONAL NAME | |
| Personal name | Bean, Alan |
| Dates associated with a name | 1932- |
| 9 (RLIN) | 15792 |
| 245 10 - TITLE STATEMENT | |
| Title | My life as an astronaut / |
| Statement of responsibility, etc | Alan Bean as told to Beverly Fraknoi. |
| 260 ## - PUBLICATION, DISTRIBUTION, ETC. (IMPRINT) | |
| Place of publication, distribution, etc | New York, N.Y. : |
| Name of publisher, distributor, etc | Pocket Books, |
| Date of publication, distribution, etc | c1988. |
| 300 ## - PHYSICAL DESCRIPTION | |
| Extent | 105 p. : |
| Other physical details | ill. ; |
| Dimensions | 20 cm. |
| 490 0# - SERIES STATEMENT | |
| Series statement | A Minstrel paperback original |
| 600 10 - SUBJECT ADDED ENTRY--PERSONAL NAME | |
| Personal name | Bean, Alan, |
| Dates associated with a name | 1932- |
| Form subdivision | Juvenile literature. |
| 9 (RLIN) | 15793 |
| 600 11 - SUBJECT ADDED ENTRY--PERSONAL NAME | |
| Personal name | Bean, Alan, |
| Dates associated with a name | 1932- |
| 9 (RLIN) | 15794 |
| 650 #0 - SUBJECT ADDED ENTRY--TOPICAL TERM | |
| Topical term or geographic name as entry element | Astronauts |
| Geographic subdivision | United States |
| Form subdivision | Biography |
| -- | Juvenile literature. |
| 9 (RLIN) | 15795 |
| 650 #1 - SUBJECT ADDED ENTRY--TOPICAL TERM | |
| Topical term or geographic name as entry element | Astronauts. |
| 9 (RLIN) | 15796 |
| 650 #1 - SUBJECT ADDED ENTRY--TOPICAL TERM | |
| Topical term or geographic name as entry element | Artists. |
| 9 (RLIN) | 15797 |
| 700 1# - ADDED ENTRY--PERSONAL NAME | |
| Personal name | Fraknoi, Beverly. |
| 9 (RLIN) | 15798 |
| 906 ## - LOCAL DATA ELEMENT F, LDF (RLIN) | |
| a | 7 |
| b | cbc |
| c | orignew |
| d | 2 |
| e | ncip |
| f | 19 |
| g | y-gencatlg |
| 942 ## - ADDED ENTRY ELEMENTS (KOHA) | |
| Source of classification or shelving scheme | Library of Congress Classification |
| Koha item type | |
| Withdrawn status | Lost status | Source of classification or shelving scheme | Damaged status | Home library | Current library | Shelving location | Date acquired | Total Checkouts | Full call number | Barcode | Date last seen | Copy number | Price effective from | Koha item type |
|---|---|---|---|---|---|---|---|---|---|---|---|---|---|---|
| Library of Congress Classification | Luxembourg Library | Luxembourg Library | High School Section | 08/30/2013 | TL 789.85 .B36 1988 | 0221 | 02/02/2016 | 1 | 08/30/2013 | Books |